[Event "Nordic-ch U11"]
[Site "Drammen"]
[Date "2017.02.18"]
[Round "4"]
[White "Sorensen, Marius Boss"]
[Black "Apol, Luitjen Akselsson"]
[Result "1-0"]
[WhiteElo "1409"]
[BlackElo "1497"]
[PlyCount "99"]
[EventDate "2017.02.17"]
[EventType "swiss"]
[EventRounds "6"]
[EventCountry "NOR"]
[SourceTitle "CBM 177 Extra"]
[Source "ChessBase"]
[SourceDate "2017.04.27"]
[SourceVersion "1"]
[SourceVersionDate "2017.04.27"]
[SourceQuality "1"]

1. e4 c5 2. Nf3 d6 3. d4 cxd4 4. Nxd4 Nf6 5. Nc3 a6 6. Be3 e5 7. Nb3 Be6 8. f3 b5 9. Qd2 Nbd7 10. 0-0-0 Nb6 11. Kb1 Nc4 12. Bxc4 bxc4 13. Nc1 Be7 14. g4 0-0 15. h4 Rb8 16. g5 Ne8 17. f4 exf4 18. Bxf4 Qa5 19. Nd5 Qxd2 20. Nxe7+ Kh8 21. Bxd2 Nc7 22. h5 Nb5 23. Bb4 c3 24. b3 Rfe8 25. Nc6 Rb6 26. Na5 Rc8 27. g6 f6 28. gxh7 Kxh7 29. a4 Na7 30. Rxd6 Rxd6 31. Bxd6 Nc6 32. Nxc6 Rxc6 33. Bb4 Bg4 34. Na2 Bf3 35. Rh4 Kh6 36. Bxc3 Kg5 37. Rh2 Bxh5 38. Rg2+ Kh6 39. Bd2+ Kh7 40. Nb4 Re6 41. Rh2 g6 42. Nd5 Kg7 43. Nf4 Rxe4 44. Nxh5+ gxh5 45. Rxh5 Re6 46. Ra5 Kg6 47. c4 f5 48. c5 Rf6 49. Kb2 f4 50. Bxf4 1-0

[Event "Nordic-ch U11"]
[Site "Drammen"]
[Date "2017.02.17"]
[Round "1"]
[White "Sorensen, Marius Boss"]
[Black "Wernberg, Hugo"]
[Result "1/2-1/2"]
[WhiteElo "1409"]
[BlackElo "1669"]
[PlyCount "111"]
[EventDate "2017.02.17"]
[EventType "swiss"]
[EventRounds "6"]
[EventCountry "NOR"]
[SourceTitle "CBM 177 Extra"]
[Source "ChessBase"]
[SourceDate "2017.04.27"]
[SourceVersion "1"]
[SourceVersionDate "2017.04.27"]
[SourceQuality "1"]

1. e4 c5 2. Nf3 d6 3. d4 cxd4 4. Nxd4 Nf6 5. Nc3 g6 6. Be2 Bg7 7. Be3 0-0 8. Qd2 a6 9. 0-0-0 b5 10. a3 Bb7 11. f3 Nc6 12. Nxc6 Bxc6 13. Bh6 Qd7 14. Bxg7 Kxg7 15. Kb1 a5 16. e5 Ne8 17. exd6 Nxd6 18. Qd4+ Kg8 19. Ne4 Bxe4 20. fxe4 Qa7 21. e5 Qxd4 22. Rxd4 Nf5 23. Rd7 b4 24. a4 Ne3 25. Rxe7 Rfe8 26. Rc7 Rxe5 27. Bf3 Rae8 28. Re1 Nf5 29. Rxe5 Rxe5 30. Rc8+ Kg7 31. Rd8 Re1+ 32. Ka2 Re5 33. Rd7 Kf6 34. Bd5 Re7 35. Rxe7 Kxe7 36. Kb3 Ne3 37. Be4 Kd6 38. c3 bxc3 39. Kxc3 Kc5 40. b3 Ng4 41. h3 Ne5 42. Bb7 g5 43. Ba6 f5 44. Bc8 f4 45. Bg4 h6 46. Bh5 Nd7 47. Be8 Nf6 48. Bf7 h5 49. Bc4 h4 50. Be6 Ne8 51. Bd7 Nf6 52. Be6 Ne4+ 53. Kd3 Nf6 54. Kc3 Kd6 55. Bc8 Kc5 56. Be6 1/2-1/2